Регионална библиотека "Любен Каравелов" - Русе

През Кордилерите (Запис номер 397665)

MARC детайли
000 -Лидер
Контролно поле с фиксирана дължина 01084nam a2200337 c 4500
003 - Код на организацията, давaща контролен номер
Контролно поле BLK
005 - Дата и час на последна редакция
Контролно поле 20231109113540.0
008 - Елементи от данни с фиксирана дължина
fixed length control field 180412b bul|||||r ||||||| ||bul||
010 ## - Наследен системен номер
LC control number KNG00009407000
020 ## - Международен стандартен номер на книга ISBN
Международен стандартен номер на книга ISBN 9789543986460
040 ## - Източник на каталожния запис
Идентификатор на билиотеката - собственик на записа BLK
041 ## - Код за език
Код за езика на текст/звукозапис или на отделно заглавие Български
Код за езика КДБФ Български
080 ## - УДК
Текстов определител УДК Немска литература
УДК код - определител по УДК 821.112.2
УДК определител -93-31
УДК - код + определител 821.112.2-93-31
100 1# - Редна дума - Автор
Автор Май, Карл
Авторска отговорност първи автор
R(LIN) 241916
139 ## - Редно поле
Редна дума Май, Карл
Авторски знак Маи - М 16
245 10 - Сведения за заглавието
Заглавие През Кордилерите
Редно поле (дума) Карл Май; прев. от нем. Веселин Радков.
257 ## - Страна на издаване
Страна на създаване/издаване България
260 ## - Област на издателските данни
Място на издаване, разпространение и проч. София
Година на издаване 2020
9 (RLIN) 209481
Име на издателя, разпространителя и проч. Труд
Издателство - префикс ISBN 978-954-398- ; 978-954-528-
300 ## - Физическа характеристика
Размери/Мащаб 20 см
Страници 463 с.
380 ## - Жанр
Жанр Детска худож. лит.
490 ## - СЕРИИ (Колекции)
Име на серия Златни детски книги
9 (RLIN) 203328
700 ## - Други автори (авторска отговорност)
Лично име Радков, Веселин Стаменов
Автороска отговорност (Описва отношението между автора и произведението) прев. от нем.
9 (RLIN) 247612
856 4# - Електронен адрес и достъп
Електронен формат pdf - файл
Път до файла /url/
856 4# - Електронен адрес и достъп
Електронен формат pdf - файл
Път до файла /url/
999 ## - СИСТЕМНИ КОНТРОЛНИ НОМЕРА
Koha biblionumber 397665
Koha biblioitemnumber 397665
942 ## - АРТИКУЛИ
Вид на библиотечния материал Книги
Скрит в OPAC Не
Периодичен библиозапис Да
Koha issues (borrowed), all copies 3
944 ## - СЪЗДАВАНЕ И РЕДАКЦИЯ на ЗАПИСА
Създаване/Редакция Създаване
Дата на регистрацията/редакция 2021-02-09
Служител, извършил регистрацията/редакцията 30532
Статус, дата на статуса Мира Стойчева
999 ## - СИСТЕМНИ КОНТРОЛНИ НОМЕРА
Koha biblioitemnumber 397665
999 ## - СИСТЕМНИ КОНТРОЛНИ НОМЕРА
Koha biblioitemnumber 397665
999 ## - СИСТЕМНИ КОНТРОЛНИ НОМЕРА
Koha biblioitemnumber 8071
999 ## - СИСТЕМНИ КОНТРОЛНИ НОМЕРА
Koha biblioitemnumber 8071
Наличности
Код за отписване Код за изгубен артикул Източник на класификационната схема Код за повреда Коз за рестрикции Код за отдаване Артикулен № Име на библиотеката - собственик Име на библиотеката, в която се намира в момента Статус (Текущо местоположение) Дата на вписване в системата Местоположение - отдел Цена в лева Систематично азбучна сигнатура Баркод Цена в евро Служебен тип на артикула
  Не е изгубен Universal Decimal Classification Не е повреден без рестрикции заемане за дома 812520 Регионална библиотека "Любен Каравелов" Русе Регионална библиотека "Любен Каравелов" Русе Детски отдел 2021-02-17 Детски отдел 14.99 821-93/М 16 К 120000850775 7.66 Книги
  Не е изгубен Universal Decimal Classification Не е повреден без рестрикции заемане за дома 817726 Регионална библиотека "Любен Каравелов" Русе Регионална библиотека "Любен Каравелов" Русе Детски отдел 2021-03-24 Детски отдел 14.99 821-93/М 16 К 120000853974 7.66 Книги
  Не е изгубен Universal Decimal Classification Не е повреден само за читалня ползва се в читалня 867692 Регионална библиотека "Любен Каравелов" Русе Регионална библиотека "Любен Каравелов" Русе Хранилище 2022-01-13 Хранилище 19.99 Цб 310036 120000863704 10.22 Книги
Vip Innovations Ltd, Rousse, Bulgaria 2025